000 00328nam a2200121Ia 4500
008 190723s9999 xx 000 0 und d
020 _a978-0-07-053101-7
100 _aDavid A. Gustafson
245 0 _aTheory and Problems of software engineering
260 _aNew Delhi
_bTata McGraw Hill
_c2011
300 _a223.:p
942 _cBK
999 _c1769
_d1769